| 000 | 00902nam a22003017a 4500 | ||
|---|---|---|---|
| 001 | 0013821 | ||
| 003 | KOHA_MİRAKIL | ||
| 005 | 20260207001933.0 | ||
| 007 | ta | ||
| 008 | 100219b2004 tu |||gr||||#||||0|tur | | ||
| 020 | _a9752840272 | ||
| 040 |
_aTR-BiSEU _btur _cTR-BiSEU _erda |
||
| 041 | 0 | _atur | |
| 044 | _ctu | ||
| 050 |
_aB72 _b.K67 2004 |
||
| 100 | 1 | _aKorshunova, Lydia. | |
| 245 | 1 |
_aFelsefe nedir ?/ _cLydia Korshunova ; Lydia Korshunova; çeviren Vasıf Erenus. |
|
| 264 | 1 |
_aİstanbul : _bMorpa Kültür yayınları _c2004 |
|
| 300 | _a175 sayfa; 19 cm. | ||
| 336 |
_ametin _btxt _2rdacontent |
||
| 337 |
_aaracısız _bn _2rdamedia |
||
| 338 |
_acilt _bnc _2rdacarrier |
||
| 490 | 0 | _aMorpa Kültür yayınları Felsefe dizisi | |
| 650 | 0 |
_aPhilosophy. _93266 |
|
| 650 | 0 |
_aFelsefe. _93265 |
|
| 830 | 0 |
_aMorpa Kültür yayınları Felsefe dizisi _932459 |
|
| 942 |
_2lcc _cBK |
||
| 999 |
_c13784 _d13784 |
||